000 00813nam a22002657a 4500
001 BR8803848
003 BR-BrBNA
005 20230928092943.0
007 ta
008 230509b bl.||||| |||| 00| 0 por d
040 _aBR-BrBNA
_bpor
_cBiblioteca Nacional de Agricultura
041 _a(Por)
072 _aE16; L01
_b5212
_b/G514
090 _ 5212 BR8803848
100 1 _aCarneiro, G.G.
110 1 _aComissao Nacional de Pecuaria de Leite, Rio de Janeiro, GB (Brasil)
_92180
245 1 _aA criacao de gado em Minas Gerais
_bv. 11 - Estudos e Comunicacoes Diversas no. 12 - A
260 3 _aRio de Janeiro, GB (Brasil):
_c[nd].
300 _a79 p.
500 _aPublished 1960?; 56 tables
650 _aBOVINO
650 _aSISTEMA DE PRODUCAO
909 _a202309
_bLucia
_c55
_dLucia Elande
942 _cBK
999 _c42191
_d42191